Szczegóły MARC21

Der Augenarzt. Bd. 2, [Optik, Sehschärfenbestimmung, Funktionsprüfungen, Ultraschall, Röntgen, Elektroretinographie, Refraktionsanomalien, Mikrobiologie] /

003 -Nazwa inst., której nr kontr. jest w polu 001 [,]
    • @
    • Nazwa instytucji, której n kontrolny jest w polu 001
    • NUKAT
005 -DATA I CZAS OSTATNIEJ MODYFIKACJI [,]
    • @
    • pole kontrolne
    • 20241231102007.0
040 -Instytucja sporządzająca opis [ , ]
    • a
    • Instytucja, która sporządziła opis (NP)
    • SZCZ U/KP
    • c
    • Instytucja, która sporządziła rekord (NP)
    • SZCZ U/KPs
942 -Rodzaj dokumentu [ , ]
    • c
    • Rodzaj dokumentu
    • Książka
100 -Hasło główne - nazwa osobowa [1, ]
    • a
    • Nazwa osobowa (NP)
    • Buschmann, Werner.
    • 9
    • KHW
    • 417350
245 -Strefa tytułu i oznaczenia odpowiedzialności [1,4]
    • a
    • Tytuł
    • Der Augenarzt. Find
    • n
    • Oznaczenie części (P)
    • Bd. 2,
    • p
    • Nazwa części (P)
    • [Optik, Sehschärfenbestimmung, Funktionsprüfungen, Ultraschall, Röntgen, Elektroretinographie, Refraktionsanomalien, Mikrobiologie] /
    • c
    • Pozostałe elementy strefy tytułu i oznaczenia odpowiedzialności (NP)
    • hrsg. von Karl Velhagen ; mit Beiträgen von W. Buschmann, D. Comberg, W. Ehrich, G. Günther, F. Müller, K. Mütze, R.Sachsenweger, E. Schmöger, H. Schober.
250 -Strefa wydania [ , ]
    • a
    • Oznaczenie wydania (NP)
    • 2., ergänzte und überarbeitete Aufl.
260 -Strefa adresu wydawniczego [ , ]
    • a
    • Miejsce wydania (P)
    • Leipzig :
    • b
    • Nazwa wydawcy (P)
    • Veb Georg Thieme,
    • c
    • Data wydania (P)
    • 1972.
300 -Strefa opisu fizycznego [ , ]
    • a
    • Określenie formy książki i/lub objętość (NP)
    • 1240 s. :
    • b
    • Oznaczenie ilustracji (NP)
    • il. ;
    • c
    • Format (NP)
    • 25 cm.
336 -Typ zawartości [ , ]
    • a
    • Termin opisujący typ zawartości
    • Tekst
    • b
    • Kod określający zawartość
    • txt
    • 2
    • Źródło (terminu i kodu)
    • rdacontent
337 -Typ mediów [ , ]
    • a
    • Tryb odtwarzania
    • Bez urządzenia pośredniczącego
    • b
    • Kod typu mediów
    • n
    • 2
    • Źródło (terminu i kodu)
    • rdamedia
338 -Typ/rodzaj nośnika [ , ]
    • a
    • Hasło opisujące typ nośnika
    • Wolumin
    • b
    • Kod typu nośnika
    • nc
    • 2
    • Źródło (terminu i kodu)
    • rdacarrier
500 -Uwaga ogólna [ , ]
    • a
    • Uwaga ogólna (NP)
    • Na s. tytułowej: Mit 523, teils farbigen Abbildungen.
504 -Uwaga dot. bibliogr. załącznikowej [ , ]
    • a
    • Uwaga dot. bibliografii załącznikowej
    • Bibliogr. po rozdz. Indeksy.
650 -Hasło przedmiotowe [ ,7]
    • a
    • Hasło przedmiotowe
    • Okulistyka kliniczna
    • v
    • Określnik formalny
    • podręczniki.
    • 2
    • Źródło terminu
    • kaba
    • 9
    • KHW
    • 417428
700 -Hasło dodatkowe - nazwa osobowa [1, ]
    • a
    • Nazwa osobowa (NP)
    • Velhagen, Karl Find
    • d
    • Daty biograficzne (NP)
    • (1897-1990).
    • e
    • Określenie rodzaju współpracy
    • Red.
    • 9
    • KHW
    • 416906
700 -Hasło dodatkowe - nazwa osobowa [1, ]
    • a
    • Nazwa osobowa (NP)
    • Günther, Georg Find
    • d
    • Daty biograficzne (NP)
    • (1907- ).
    • 9
    • KHW
    • 417349
700 -Hasło dodatkowe - nazwa osobowa [1, ]
    • a
    • Nazwa osobowa (NP)
    • Mütze, Karl. Find
    • 9
    • KHW
    • 417347
700 -Hasło dodatkowe - nazwa osobowa [1, ]
    • a
    • Nazwa osobowa (NP)
    • Sachsenweger, Rudolf. Find
    • 9
    • KHW
    • 417348
700 -Hasło dodatkowe - nazwa osobowa [1, ]
    • a
    • Nazwa osobowa (NP)
    • Müller, Fritz Find
    • d
    • Daty biograficzne (NP)
    • ( -przed 1972).
    • 9
    • KHW
    • 417353
700 -Hasło dodatkowe - nazwa osobowa [1, ]
    • a
    • Nazwa osobowa (NP)
    • Schmöger, Elisabeth Find
    • d
    • Daty biograficzne (NP)
    • (1920-1994).
    • 9
    • KHW
    • 417354
700 -Hasło dodatkowe - nazwa osobowa [1, ]
    • a
    • Nazwa osobowa (NP)
    • Comberg, Dietrich Find
    • d
    • Daty biograficzne (NP)
    • (1928-2002).
    • 9
    • KHW
    • 417351
700 -Hasło dodatkowe - nazwa osobowa [1, ]
    • a
    • Nazwa osobowa (NP)
    • Ehrich, Wolfgang. Find
    • 9
    • KHW
    • 417352
700 -Hasło dodatkowe - nazwa osobowa [1, ]
    • a
    • Nazwa osobowa (NP)
    • Schober, Herbert Find
    • d
    • Daty biograficzne (NP)
    • (1905-1975).
    • 9
    • KHW
    • 417286
710 -Hasło dodatkowe - nazwa ciała zbiorowego [2, ]
    • a
    • Nazwa ciała zbiorowego lub nazwa geograficzna jako pierwszy element (NP)
    • Georg Thieme (Lipsk).
    • 4
    • Kod relacji
    • pbl
    • 9
    • KHW
    • 412359
Obwoluta Data inwentaryzacji Lokalizacja Status udost. Numer inwentarzowy Sygnatura
12015-07-29BG1N.21065N.21065